| 000 | 00629nam a2200217 a 4500 | ||
|---|---|---|---|
| 999 |
_c2997 _d2997 |
||
| 001 | 2997 | ||
| 003 | BD-JhCC | ||
| 005 | 20171108211725.0 | ||
| 008 | 171108s bg |||| ||a| 00| 0 en d | ||
| 035 | _a(BD-JhCC)2997 | ||
| 040 |
_aBD-JhCC _dBD-JhCC |
||
| 041 | _aben | ||
| 082 |
_a891.443 _bCHA |
||
| 100 | _aচট্টোপাধ্যায়, হরিনারায়ণ | ||
| 245 |
_aনারী নগরী / _cহরিনারায়ণ চট্টোপাধ্যায় |
||
| 260 | _aঢাকা : | ||
| 300 |
_a244 p. : _c20 cm. |
||
| 650 | _aBengali Novel | ||
| 942 |
_2ddc _cBK |
||